• 首页
  • 本馆介绍
  • 公告通知
  • 最新文献
  • 馆藏检索
  • 电子资源
  • 读者导购
  • 参考咨询
  • 我的图书馆
  • 登录
  • 详细信息显示
  • 放入我的书架
  • 预约/预借图书
  • 作者相关作品
  • 分类相关作品
  • 丛书相关作品
  • 出版社相关作品

书目信息

  • 表格格式
  • 工作单格式
  • 卡片格式
题名:
危地马拉历史概况
    
 
作者: 詹森 著 ;中国国际旅行社天津分社 译
分册:  
出版信息: 天津   天津人民出版社  1973.07
页数: 443页
开本: 32开
丛书名:
单 册:
中图分类: K741
科图分类:
主题词: 美洲--历史
电子资源:
ISBN:
000 00706nam0 2200229 45
001 0211220882
005 20031219104101.2
010    @dCNY1.20
091    @a11072.7
100    @a20021122d1973 km y0chiy0120 ea
101 0  @achi
105    @a z 000yy
200 1  @a危地马拉历史概况@AWei Di Ma La Li Shi Gai Kuang@f(美)艾米·伊·詹森著@F(Mei)Ai Mi·Yi·Zhan Sen Zhu@g中国国际旅行社天津分社译
210    @a天津@c天津人民出版社@d1973.07
215    @a443页@d32开
300    @a内部读物
606 0  @a美洲@x历史
690    @aK741@v3
701  0 @a詹森@4著
711 02 @a中国国际旅行社天津分社@AZhong Guo Guo Ji Lu Xing She Tian Jin Fen She@4译
801    @aCN@bTSTC@c20021122
905    @f1@b228453@dK741@e2
    
    危地马拉历史概况/(美)艾米·伊·詹森著/中国国际旅行社天津分社译.-天津:天津人民出版社,1973.07
    443页;32开
    内部读物
    
    ISBN :CNY1.20
    
●
相关链接 在E读中查询图书 在五车中查询图书 在当当中查询图书 在豆瓣中查询图书


正题名:危地马拉历史概况     索取号:K741/2         预约/预借

序号 登录号 条形码 馆藏地/架位号 状态 备注
1 0228453   001628493   第二样本阅览室/ [索取号:K741/2] 在馆    
唐山师范学院图书馆 欢迎您!
大连网信软件有限公司© 版权所有